| 000 | 00567nam a2200217Ia 4500 | ||
|---|---|---|---|
| 005 | 20250505125024.0 | ||
| 008 | 008 250505s9999 xx 000 0 eng d | ||
| 037 | _aTextbook | ||
| 040 |
_aLCO _beng _cLCO |
||
| 041 |
_aeng _2eng |
||
| 084 |
_aZ2,8(Q7) R4 _qLCO |
||
| 100 | _aMahmood, Tahir | ||
| 245 | 0 |
_aSupreme court on Muslim law _cTahir Mahmood |
|
| 250 | _a2nd | ||
| 260 |
_aNew Delhi, India _bLaw & Justice _c2024 |
||
| 300 | _a316 | ||
| 365 |
_aINR _b595 |
||
| 650 | _aLaw | ||
| 942 |
_cTB _hZ2,8(Q7) R4 |
||
| 999 |
_c1311127 _d1311127 |
||